000 01672nam a2200253 a 4500
005 20141127091309.0
008 140128b2006 ck ||||| |||| 00| 0 spa d
040 _cCO-BoIH
041 _aspa
044 _ack
090 _aIAVH
_b00865
100 _aBorda, Carlos Andrés
_91342
245 _aManejo colectivo de los bienes y servicios ambientales en la microcuenca de Chaina. Síntesis e implementación de incentivos económicos para la conservación y uso sostenible de los bienes y servicios ambientales en la microcuenca de Chaina, Boyacá, Colombia
260 _aBogotá
_bInstituto Alexander von Humboldt
_c2006
300 _a472 p.
520 _aA partir del análisis de los patrones de uso sobre la estructura y composición de los recursos del bosque, agua y biodiversidad, considerando tanto los aspectos biofísicos de la microcuenca como los aspectos socioeconómicos e institucionales de las poblaciones locales, se construyeron los indicadores de intervención y de conservación que sirvieron de base para la zonificación de la microcuenca Chaina y la construcción de los planes de manejo. Posteriormente se analizó como las instituciones afectan las decisiones de uso (incentivos) o conservación de los bienes y servicios de la microcuenca con el fin de determinar los instrumentos o mecanismos que permitan la generación de instituciones locales para la gestión colectiva de la microcuenca
650 _aManejo colectivo
_95502
650 _aBienes y servicios
_929253
650 _aMicrocuenca
_95504
650 _aIncentivos económicos
_929254
662 _aColombia
_cChaina
_bBoyacá
942 _cINFORME
_2z
_02
945 _d2008-06-25
999 _c6349
_d6349